Quiz Pokemaníaco - Estadísticas

Estadísticas generales
  • Esta prueba ha sido intentada 30 veces
  • La puntuación promedio es 13 de 20
Estadísticas de respuestas
Pregunta Respusta % Correcto
¿Qué tipo de Pokeball es conocida por ser extremadamente rara de obtener, pero que asegura un 100% de acierto para capturar a cualquier Pokemon, incluso siendo legendario? Master Ball
96%
Nombre del Pokémon inicial de tipo agua de la región de Sinnoh Piplup
88%
¿Cuántos son el número total de Pokémon en la primera generación? 151
85%
¿A qué tipo es débil x4 el Pokémon Magnezone? Tierra
81%
¿Qué Pokémon es conocido porque en su primera fase lleva puesto en su cabeza el cráneo de su madre? Cubone
77%
Nombre del campeón de la región de Galar (Respuesta valida en castellano, inglés y japonés) Lionel/Leon/Dande
73%
¿Que roedor eléctrico regional tiene el curioso dato de ganar un mundial en el competitivo de Pokémon? Pachirisu
73%
¿Cuáles son los dos tipos del Pokémon Kabutops? (Tienen que estar puestos en orden y entre medias de los dos tipos debes poner la conjunción "y") Roca y agua
73%
¿Cuál es el único Pokémon variocolor o shiny que ha capturado Ash en toda su trayectoria? Noctowl
69%
¿Qué Pokémon posee más de 4.200 millones de combinaciones, haciendo que atrapar dos idénticos sea algo prácticamente imposible? Spinda
69%
¿Cuál ha sido el primer Pokémon que Ash liberó) (Es decir que ya no fuese de su pertenencia) Butterfree
65%
En el videojuego de TGC Pocket, que otro Pokemon junto a Pikachu y Charizard está presente en la portada del sobre de la expansión "Genes Formidables"? Mewtwo
65%
¿Qué ciudad de la primera generación de Pokémon es conocida por su música tan inquietante y que posee una primera versión de la misma que provocaba suicidios entre lo más jóvenes en Japón? (Respuesta válida en castellano e inglés) Pueblo Lavanda/Lavender Town
65%
Nombre del líder del Equipo Galaxia (Respuesta valida en castellano, inglés y japonés) Helio/Cyrus/Akagi
62%
¿Qué Pokémon fue revelado con su forma regional de Galar en el 24 horas del Bosque Lumirinto en el canal oficial de Pokémon? Ponyta
58%
¿Que Pokemon fue planteado principalmente para ser la mascota de la franquia antes que Pikachu? Clefairy
54%
¿Qué entrenador de Pokémon es conocido por tener un OST de presentación con un piano que la ha convertido en una de las más icónicas de la saga además de un trauma para cierto sector de los jugadores? (Respuesta válida en castellano, inglés y japonés) Cintia/Cynthia/Shirona
38%
Nombra una de las dos habilidades más comunes en Pokémon (Ambas con un total de 47 Pokémon con dicha habilidad Nado rápido y Robustez
35%
¿Contra quién pierde Ash la final de la Liga Pokémon en la región de Kalos? Alain
27%
¿Qué compositor con cierta relevancia en el mundo de los videojuegos ha participado en la composición de algunos temas para Pokémon Espada/Escudo y Pokémon Escarlata/Púrpura? Toby Fox
27%
No se encontraron pruebas coincidentes
Distribución de puntuación
Porcentaje de gente con cada puntuación
Porcentaje por número respondido
Historial de tus puntuaciones
No has intentado esta prueba.